| 000 | 00808nam a2200229 a 4500 | ||
|---|---|---|---|
| 008 | 100803s2001 ||||||||||||||||| || u | ||
| 020 | _a1859785093 | ||
| 050 | _aK 101.L5 Ban | ||
| 100 | _aBlair, William | ||
| 245 | 1 | 0 |
_aBanks, liability and risk. -- 3rd ed. _cedited by William Blair |
| 250 | _a3rd ed. | ||
| 260 |
_aLondon: _bLloyd's of London Press (LLP) _c2001 |
||
| 300 | _aliii, 444p.: ill. | ||
| 350 | _a0.00 | ||
| 500 | _aIncludes Index | ||
| 650 | _aBANKS AND BANKING--TORT LIABILITY | ||
| 650 | _aTORT LIABILITY OF BANKS | ||
| 650 | _aLENDER LIABILITY--GENERAL WORKS | ||
| 650 | _aBANKS | ||
| 650 | _aLIABILITY | ||
| 995 |
_D0.00 _FCBU-MAIN LIBRARY (Kitwe) _H1 _I0.00 _M1 _UAVAILABLE _WAug 17, 2010 _ZMain Library Open Access Collection |
||
| 999 |
_c35465 _d35465 |
||